Countries Without Railroads Quiz Stats

Quiz Updated Aug 8, 2017

Challenge
Share
Tweet
Embed
Score 0/51 Timer 08:00
10 Plays Today
Country % Correct
Haiti
68.3%
Andorra
66.5%
Dominica
66.5%
Bahamas
64.3%
San Marino
63.1%
Seychelles
61.9%
Iceland
61.4%
Barbados
61.1%
Marshall Islands
61%
Malta
60.6%
Vanuatu
60.6%
Samoa
59.1%
St. Lucia
58.7%
Palau
58.6%
St. Vincent & Grens.
58.3%
Tuvalu
58.2%
Trinidad & Tobago
57.6%
Tonga
57.5%
Yemen
56.1%
Solomon Islands
56%
Maldives
55.9%
Qatar
55.9%
Antigua & Barbuda
55.7%
Cyprus
55.5%
Micronesia
54.5%
Oman
54.5%
Country % Correct
Bahrain
54.4%
Kiribati
54%
Mauritius
53.6%
Comoros
53.4%
Bhutan
52.4%
São Tomé & Prín.
52%
Cabo Verde
51.5%
Rwanda
51.3%
Belize
51.2%
Chad
49%
Guyana
47.8%
Kuwait
47.6%
Suriname
47.5%
Burundi
44.2%
Papua New Guinea
43.4%
The Gambia
43.1%
Niger
42.8%
Timor-Leste
42.6%
Equatorial Guinea
41.4%
Guinea-Bissau
40.9%
Palestine
40.6%
Somalia
39.9%
Cen. Afr. Republic
38%
Libya
27.8%
Nicaragua
26.1%

You're not logged in!

Compare scores with friends on all Sporcle quizzes.
Sign Up with Email
OR
Log In

You Might Also Like...

Show Comments

Extras

Top Quizzes Today


Score Distribution

Your Account Isn't Verified!

In order to create a playlist on Sporcle, you need to verify the email address you used during registration. Go to your Sporcle Settings to finish the process.

Report this User

Report this user for behavior that violates our Community Guidelines.

Details: